000 00318nam a2200145Ia 4500
008 220923s9999 xx 000 0 und d
082 _bSHE
100 _aSHELKAR, R.
245 0 _aTREATISE ON ANTI CORRUPTION LAWS
250 _a2ND
260 _c2013
300 _a478
650 _aCorruption Act
942 _cBK
999 _c195865
_d195865